000
00282nam a22001337a 4500
020
_a
978-81-264-2794-9
082
_a
823
_b
STO/D
100
_a
STOKER, BRAM
245
_a
DRACULA
260
_a
KOTTAYAM
_b
DC BOOKS
_c
2008
300
_a
64
650
_a
SHORT STORES
_z
INDIA
942
_c
BK
999
_c
3903
_d
3903